Μια μέρα στο γυμνάσιο : δράμα σε τρεις πράξεις

Αποθηκεύτηκε σε:
Λεπτομέρειες βιβλιογραφικής εγγραφής
Κύριος συγγραφέας: Αλεξίου, Έλλη, 1894-1989
Μορφή: Βιβλίο
Γλώσσα:Greek
Δημοσίευση: Αθήνα : Καστανιώτη, 1988.
Έκδοση:3η έκδ.
Σειρά:Έλλης Αλεξίου άπαντα
Θέματα:
Ετικέτες: Προσθήκη ετικέτας
Δεν υπάρχουν, Καταχωρήστε ετικέτα πρώτοι!

MARC

LEADER 00000nam a2200000 a 4500
001 1/127670
008 231106s1988####gr | ||| |||| ||gre||
020 |a 9600301085 
040 |a GR-MyUa  |b gre  |c GR-MyUa  |e AACR2 
041 0 |a gre 
082 7 |a 889.2   |2 (23) 
100 1 |a Αλεξίου, Έλλη,   |d 1894-1989. 
245 1 3 |a Μια μέρα στο γυμνάσιο :   |b δράμα σε τρεις πράξεις /   |c Έλλη Αλεξίου ; προλογίζουν Γιώργος Χαραλαμπίδης, Έλλη Αλεξίου. 
250 |a 3η έκδ. 
260 |a Αθήνα :   |b Καστανιώτη,   |c 1988. 
300 |a 101 σ. ;   |c 21 εκ. 
490 1 |a (Έλλης Αλεξίου άπαντα ;   |v 15) 
650 0 |a Greek drama 
830 0 |a Έλλης Αλεξίου άπαντα 
852 |a INST  |b SYROS  |e 20231103  |h 889.2 ΑΛΕ  |p 005500016293  |q 005500016293  |t BK  |y 0 
970 |a Κοντού  |b Παρασκευή  |z 06/11/2023